| 000 | 00471nam a22001697a 4500 | ||
|---|---|---|---|
| 003 | CEME | ||
| 005 | 20210628203452.0 | ||
| 008 | 210201b xxu||||| |||| 00| 0 eng d | ||
| 040 | _c. | ||
| 082 | _a297 MUH | ||
| 100 |
_aMuhammad Mateen Khalid _959186 |
||
| 245 | _a Haqooq-e-insani ki aar main, islam mukhalif aur pakistan dushman ngo's kha kardar | ||
| 260 |
_aLAHORE _bISLAMIC PUBLICATIONS _c2003 |
||
| 300 | _a476P | ||
| 650 |
_aNGO'S. _965640 |
||
| 942 |
_cBK _2ddc |
||
| 999 |
_c573794 _d573794 |
||